Statistics for One Direction/5SOS Lyrics

Click here to take the quiz!

General Stats

  • This quiz has been taken 2,668 times
  • The average score is 9 of 15

Answer Stats

HintAnswer% Correct
Said her name was Georgia Rose, and her daddy was a dentistBest Song Ever
90%
If I showed up with a plane ticket, and a shiny diamond ring with your name on itShe Looks So Perfect
83%
Don't need makeup to cover upWhat Makes you Beautiful
83%
Would he please you? Would he kiss you?I Would
76%
Now that you can't have me, you suddenly want meTaken
72%
But when I'm not with you I'm weaker, is that so wrong?Strong
69%
It's like a broken recordHeartbreak girl
57%
The one that I came with, she had to goC'mon, C'mon
56%
I can't afford a bus fare18
55%
Your secret tattoo, the way you change moodsDoes He Know?
54%
Here's to teenage memoriesKiss Me Kiss Me
54%
Won't you please stop loving me to death?Voodoo Doll
53%
How could someone not miss you at all?Diana
48%
I whispered something in her ear that I just can't repeatAlive
42%
Red lipstick on, high heel stilettosOut of My Limit
39%

Score Distribution

Percentile by Number Answered

Percent of People with Each Score

Your Score History

You have not taken this quiz